MERCURY PRESENCE IN THE CATTLE TISSUES IN THE CHOSEN REGIONS OF POLAND

Bibliographic Details
Main Authors: Kolbuszewski, Tadeusz (Author), Rokicki, Eligiusz (Author), Samek, Miroslaw (Author), Tadeusz Piotr Zarski (Author)
Format: Article
Language:English

MARC

LEADER 00000naa a2200000uu 4500
001 vtls011084961
003 SK-MaSNL
005 20260302105101.0
008 210905|1996 xo |||||||||||||||||eng|
015 |a SNBRA 
035 |a (urnnbn)urn:nbn:sk:snk:ar-a0clmz 
035 |a (uuid)70c5d014-54d4-4485-9430-e38481c9c439 
035 |a urn:nbn:sk:snk-aavrj0 
040 |a SNKBUCL  |b slo  |c SNKBUCL  |e AACR2 
041 0 |a eng 
044 |a xo  |c SK 
100 1 |a Kolbuszewski, Tadeusz  |4 aut  |9 783199 
245 1 0 |a MERCURY PRESENCE IN THE CATTLE TISSUES IN THE CHOSEN REGIONS OF POLAND  |c Tadeusz Kolbuszewski, Eligiusz Rokicki, Miroslaw Samek, Tadeusz Piotr Zarski 
700 1 |a Rokicki, Eligiusz  |4 aut  |9 783200 
700 1 |a Samek, Miroslaw  |4 aut  |9 783201 
700 1 |a Tadeusz Piotr Zarski  |4 aut  |9 783202 
773 0 |t Zborník z medzinárodnej vedeckej konferencie "Agronomická fakulta a vývoj poľnohospodárstva na Slovensku"  |d Nitra : Vysoká škola poľnohospodárska, 1996  |g S. 74-77  |z 8071372765 
958 |a OND 
958 |a article12 
958 |a chapter 
999 |c 1237337  |d 1239267